01072cam a2200265 a 45000010005000000030006000050050017000110080041000280100017000690200027000860200018001130400023001310500018001540820014001721000022001862450079002082600031002873000048003185050007003665200322003735210027006955210019007226500028007416510037007696476FISKH20250506103914.0040122s2004 flua 000 0 eng  a 2004001554 a0152051104 (hardcover) a9780152059064 aDLCcDLCdDLCbeng aGT4995.A4 W56 a394.266 1 aWinter, Jeanette.10aCalavera abecedario :ba Day of the Dead alphabet book /cJeanette Winter. aOrlando :bVoyager,c2004. a36 pages : bcolor illustrations ; c24 cm  aG  aEvery year Don Pedro and his family make papier-mâché skeletons, or calaveras, for Mexico's Day of the Dead fiesta. From the Angel and Doctor to the Mariachi and Unicornio, there's a special calavera for each letter of the alphabet. Come dance with them! Includes a glossary of Spanish words and an author's note.8 a300 bLexile estimate 8 aG bRaz-Plus  0aAll Souls' DayzMexico. 0aMexicoxSocial life and customs.